000 01453cad a22002415a 4500
001 L147028
008 090324s2009 xxk f s f000 0 eng d
035 _a(Sirsi) u147028
041 0 _aeng
050 0 4 _a333.32 $2 18
110 2 _aUnited Kingdom
_bDepartment for Communities and Local Government
_94939
245 0 0 _aFloorspace and rateable value of commercial and industrial properties 1 April 2008, (England and Wales)
_h[electronic resource]
260 _aLondon
_DCLG
_c2009
490 0 _aDCLG Floorspace and rateable value of commercial and industrial properties
_v1 April 2008
520 _aReports that the total floorspace of commercial and industrial bulk class properties in England and Wales was 596m m2, very similar to the amount of floorspace at 1 April 2007 (597m m2). Finds the North West has the highest percentage of available floorspace (14%) and the North East has the lowest (5%). The average rateable value of commercial and industrial bulk class properties in England and Wales was £65 per m2, but this varies considerably from region to region.
521 _aAdvanced
590 _aKA NTK
650 2 4 _aDCLG FLOORSPACE AND RATEABLE VALUE OF COMMERCIAL AND INDUSTRIAL PROPERTIES
651 4 _aEngland and Wales
_y1543-
690 _aPROPERTY-COMMERCIAL PROPERTY
856 4 0 _uhttps://www.communities.gov.uk/publications/corporate/statistics/floorspace2008
_zView the document at www.communities.gov.uk
942 _n0
999 _c109410
_d109410